000 01042nam a2200265Ia 4500
003 OSt
005 20221005104756.0
006 a|||||r|||| 00| 0
007 ta
008 221004b |||||||| |||| 00| 0 hin d
020 _a9788192003320 (hbk)
_c600
024 _a15888
037 _bBL171, 07/01/2015, K. K. Publications
_cTextual
040 _aCRL
_cCRL
_bhin
041 _2hin
_ahin
082 _aO152,3N4410,DZ, Q4
100 _aशर्मा, गोपाल कृष्ण, ‘फिरोजपुरी’
245 0 _aदामिनी ज़िन्दा है
246 _aDāminī ज़indā hai
260 _aदिल्ली
_bवैभव पब्लिकेशन्स भारत
_c2014
300 _a120पृ0
_ccm.
650 _aहिन्दी साहित्य
942 _hO152,3N4410,DZ, Q4
_cTEXL
_2cc
999 _c1013752
_d1013752